| 000 | 00736nam a2200265Ia 4500 | ||
|---|---|---|---|
| 003 | OSt | ||
| 005 | 20220927105624.0 | ||
| 006 | a|||||r|||| 00| 0 | ||
| 007 | ta | ||
| 008 | 220926b |||||||| |||| 00| 0 eng d | ||
| 020 | _a97811444339581 | ||
| 024 | _a193891 | ||
| 037 | _cReference Collections | ||
| 040 |
_aRTL _cRTL _beng |
||
| 041 |
_2eng _aeng |
||
| 082 | _a"sigma b4, Q2" | ||
| 100 |
_aAdkins Lisa _9373770 |
||
| 245 | 0 | _aMeasure and value | |
| 260 |
_aMalden _bBlackwell Publishing _c2012 |
||
| 300 |
_a181p _ccm. |
||
| 490 | _aSociological Review Monographs | ||
| 700 |
_a Lury Celia _9373771 |
||
| 942 |
_h"sigma b4, Q2" _cCC |
||
| 999 |
_c693478 _d693478 |
||